| 000 | 00643nam a2200193Ia 4500 | ||
|---|---|---|---|
| 005 | 20250326141029.0 | ||
| 008 | 250326s9999 xx 000 0 und d | ||
| 020 | _a1-85898-376-2 | ||
| 037 | _aTextbook | ||
| 040 |
_aFMSL _beng _cFMSL |
||
| 041 |
_aeng _2eng |
||
| 084 |
_aX8(A):8.4 N8 _qFMSL |
||
| 100 |
_aCook P & Others _9743561 |
||
| 245 | 0 |
_aPrivatization, enterprise development and economic reform: Experiences of developing and transitional economics _cCook P & Others |
|
| 260 |
_aUnited Kingdom _bUnited Kingdom, Edward Elgar _c1998 |
||
| 300 | _axii,303 | ||
| 942 |
_cTB _hX8(A):8.4 N8 |
||
| 999 |
_c1288378 _d1288378 |
||